| 000 | 00610na a2200229 4500 | ||
|---|---|---|---|
| 001 | 16019 | ||
| 003 | MIRAKIL | ||
| 005 | 20181213154955.0 | ||
| 008 | 161001b tu 000 0 | ||
| 035 | _a16019 | ||
| 040 |
_aMilas _btur _cTR-AnCHP |
||
| 082 |
_a811.42 _bG74y 1983 |
||
| 090 | _a811.42 G74y 1983 | ||
| 100 | _aGökçe, Enver | ||
| 245 |
_aYaşamı bütün şiirleri _cEnver Gökçe |
||
| 260 |
_aAnkara _bAyko yayınları _c1983 |
||
| 300 |
_a131 s. _c19 sm. |
||
| 490 |
_aSanat ve Kültür Dizisi _v2 |
||
| 650 | _aTürkçe şiir | ||
| 650 |
_aTürk edebiyatı _xŞiirler |
||
| 942 |
_2ddc _cBKS |
||
| 999 |
_c4170 _d4170 |
||